000 00637cam a22002293a 4500
001 29872
003 PGUSA
005 20140828083639.0
008 090831s2009||||xxu|||||s|||||000 | eng d
040 _aPGUSA
_beng
042 _adc
050 4 _aPQ
100 1 _aPorta, Giambattista della,
_d-1615
245 1 0 _aLa fantesca
_h[electronic resource] /
_cGiambattista della Porta
260 _bProject Gutenberg,
_c2009
506 _aPublic domain in the USA.
516 _aElectronic text
653 _aItalian drama (Comedy)
830 0 _aProject Gutenberg
_v29872
856 4 0 _uhttp://www.gutenberg.org/ebooks/29872
942 _cEB
999 _c259127
_d259127